Methods in behavioral research
Сохранить в:
| Главный автор: | |
|---|---|
| Формат: | |
| Язык: | английский |
| Опубликовано: |
McGraw Hill Education
2020
|
| Метки: |
Добавить метку
Нет меток, Требуется 1-ая метка записи!
|
MARC
| LEADER | 00000nam a22000007a 4500 | ||
|---|---|---|---|
| 008 | 231018b |||||||| |||| 00| 0 eng d | ||
| 020 | |a 9781260565980 | ||
| 100 | |a COABY, Paul C. |a Bates, Scott C. | ||
| 245 | |a Methods in behavioral research |c /Paul C.Cozby, Scott C.Bates |g xix,411p | ||
| 250 | |b 14th | ||
| 260 | |b McGraw Hill Education |c 2020 |h New York |i 701422 |i 701423 |i 701424 |l BF76.5.C83 |m Psychology-Research -Methodology |m Social sciences- Research - Methodology | ||
| 500 | |a it includes index | ||
| 942 | |a lcc |c BK |e Johnson |f 18/ 10/23 | ||
| 952 | |0 0 |1 0 |2 lcc |4 0 |6 BF00765 C83 |7 0 |9 4592 |a ART |b HOL |c AF |d 2023-10-18 |l 0 |o BF76.5.C83 |p 2023-0513 |r 2023-10-18 00:00:00 |t 701422 |w 2023-10-18 |y BK | ||
| 952 | |0 0 |1 0 |2 lcc |4 0 |6 BF00765 C83 |7 0 |9 4593 |a HOL |b HOL |c AF |d 2023-10-18 |l 0 |o BF76.5.C83 |p 2023-0514 |r 2023-10-18 00:00:00 |t 701424 |w 2023-10-18 |y BK | ||
| 952 | |0 0 |1 0 |2 lcc |4 0 |6 BF00765 C83 |7 0 |9 4595 |a HOL |b HOL |d 2023-10-18 |l 0 |o BF76.5.C83 |p 2023-0515 |r 2023-10-18 00:00:00 |t 7014423 |w 2023-10-18 |y BK | ||
| 999 | |c 2303 |d 2303 | ||